LEADER 01009nam0-2200325---450- 001 990008857360403321 005 20100113112337.0 010 $a978-88-13-29418-2 035 $a000885736 035 $aFED01000885736 035 $a(Aleph)000885736FED01 035 $a000885736 100 $a20090521d2008----km-y0itay50------ba 101 0 $aita 102 $aIT 105 $ay---n---001yy 200 1 $aCommentario breve al codice di procedura penale$ecomplemento giurisprudenziale$eAppendice di aggiornamento 2008$fGiovanni Conso, Vittorio Grevi$ga cura di Vittorio Grevi 205 $a5. ed. 210 $aPadova$cCedam$dc2008 215 $aXXIII, 488 p.$d24 cm 225 1 $aBreviaria iuris$v6 700 1$aConso,$bGiovanni$0149594 701 1$aGrevi,$bVittorio$0222797 801 0$aIT$bUNINA$gRICA$2UNIMARC 901 $aBK 912 $a990008857360403321 952 $a2-197$b4910$fDSPCP 959 $aDSPCP 996 $aCommentario breve al codice di procedura penale$9579721 997 $aUNINA LEADER 02550nam 2200673Ia 450 001 9910785822403321 005 20230411175236.0 010 $a3-11-087289-7 024 7 $a10.1515/9783110872897 035 $a(CKB)2670000000251107 035 $a(EBL)3042071 035 $a(OCoLC)922945217 035 $a(SSID)ssj0000625490 035 $a(PQKBManifestationID)11392124 035 $a(PQKBTitleCode)TC0000625490 035 $a(PQKBWorkID)10614980 035 $a(PQKB)11488571 035 $a(MiAaPQ)EBC3042071 035 $a(WaSeSS)Ind00018975 035 $a(DE-B1597)54119 035 $a(OCoLC)979588548 035 $a(DE-B1597)9783110872897 035 $a(Au-PeEL)EBL3042071 035 $a(CaPaEBR)ebr10598032 035 $a(EXLCZ)992670000000251107 100 $a19870916h19881987 uy 0 101 0 $aeng 135 $aurnn#---|u||u 181 $ctxt$2rdacontent 182 $cc$2rdamedia 183 $acr$2rdacarrier 200 14$aThe modern stranger $eon language and membership /$fLesley D. Harman 205 $aReprint 2011 210 $aBerlin ;$aNew York $cMouton de Gruyter$d1988, c1987 215 $a1 online resource (190 pages) 225 0 $aContributions to the Sociology of Language [CSL] ;$v47 300 $aRevision of thesis (doctoral)--York University, Toronto, Ont. 311 0 $a3-11-011235-3 320 $aIncludes bibliographical references (p. [165]-172) and indexes. 327 $tFront matter --$tPreface --$tContents --$tIntroduction --$tChapter I Sociology and "The Stranger" --$tChapter II The Social Organization of Strangeness: Toward a Redefinition of Home --$tChapter III On Being in Between: Observation and Marginality --$tChapter IV The Language of Membership --$tChapter V Toward the Modern Stranger --$tAppendix A Some Political Implications of the Modern Stranger --$tReferences --$tIndex --$tBack matter 410 0$aContributions to the Sociology of Language [CSL] 606 $aMarginality, Social 606 $aAlienation (Social psychology) 606 $aHome$xPsychological aspects 606 $aGroup identity 615 0$aMarginality, Social. 615 0$aAlienation (Social psychology) 615 0$aHome$xPsychological aspects. 615 0$aGroup identity. 676 $a302.5/44 686 $aES 135$2rvk 700 $aHarman$b Lesley D.$f1956-$01466033 801 0$bMiAaPQ 801 1$bMiAaPQ 801 2$bMiAaPQ 906 $aBOOK 912 $a9910785822403321 996 $aThe modern stranger$93676311 997 $aUNINA